Normal view
MARC view
Entry Personal Name
001 - CONTROL NUMBER
- control field: 1239460
003 - CONTROL NUMBER IDENTIFIER
- control field: OSt
005 - DATE AND TIME OF LATEST TRANSACTION
- control field: 20260514122527.0
008 - FIXED-LENGTH DATA ELEMENTS
- fixed length control field: 260514|| aca||aabn | a|a d
040 ## - CATALOGING SOURCE
- Original cataloging agency: OSt
- Transcribing agency: OSt
100 ## - HEADING--PERSONAL NAME
- Personal name: Brig Dr. A Banerjee
670 ## - SOURCE DATA FOUND
- Source citation: Work cat.: (OSt)1851463: Pannu Dr. Sehajbir Kaur 1239459, Role of Diffusion Weighted MRI in Evaluation of Carcinoma Cervix : Comparison with f-18 FDG PET/CT and Impact on Management.
